000 00319nam a2200145Ia 4500
100 _aBanerjee/Utpal K
942 _cBK
654 _aManagement
245 _aComputer Management Planning
260 _bTata McGraw Hill
_aNEW DELHI
_c1985
082 _a621.3
_bBan
300 _a330
546 _aENGLISH
999 _c33552
_d33552